000 00635nam a2200205Ia 4500
003 GCL
008 140319s9999 xx 000 0 ara d
040 _aGCL /
_cGCL
082 0 4 _a219.3
_bم ا
100 1 _aهاشم صالح
245 1 0 _aالاستشراق بين دعاته ومعارضية /
_cهاشم صالح
700 1 _aمحمد اركون
300 _a261 ص
490 _aالهيئة العامة للاستعلامات
_v0
650 0 4 _aالسياسة
650 0 4 _aالاستشراق
650 0 4 _aالمستشرقون
650 0 4 _aالاسلام وقضايا الاصلاح السياسى
942 _2ddc
_cBK
999 _c49206
_d49206